Index daňovej spoľahlivosti

Akčný plán boja proti daňovým podvodom s cieľom vytvoriť objektívne, nezávislé a legálne aplikovateľné hodnotenie daňových subjektov, zaviedol do právneho poriadku index daňovej spoľahlivosti. Finančná správa SR rozdeľuje daňové subjekty z pohľadu daní na spoľahlivé, menej spoľahlivé a nespoľahlivé....

Ausführliche Beschreibung

Gespeichert in:
Bibliographische Detailangaben
1. Verfasser: Jaško, Jozef
Format: Buchkapitel
Sprache:Slowakisch
Schlagworte:
Tags: Tag hinzufügen
Keine Tags, Fügen Sie das erste Tag hinzu!

MARC

LEADER 00000naa a2200000 4500
001 0268785
005 20200929121536.6
041 0 |a slo 
044 |a SK 
245 1 0 |a Index daňovej spoľahlivosti  |c Jozef Jaško 
520 |a Akčný plán boja proti daňovým podvodom s cieľom vytvoriť objektívne, nezávislé a legálne aplikovateľné hodnotenie daňových subjektov, zaviedol do právneho poriadku index daňovej spoľahlivosti. Finančná správa SR rozdeľuje daňové subjekty z pohľadu daní na spoľahlivé, menej spoľahlivé a nespoľahlivé. Podstata indexu a kritériá daňovej spoľahlivosti. Každý stupeň daňovej spoľahlivosti zahŕňa určitý zoznam zvýhodnení - osobitných daňových režimov (benefitov). 
610 2 0 |a poriadok daňový 
610 2 0 |a dane 
610 2 0 |a povinnosť daňová 
610 2 0 |a podnikatelia 
610 2 0 |a správa daňová 
610 2 0 |a daňovníci 
610 2 0 |a podvody daňové 
100 1 |a Jaško, Jozef